Procesos concursales /
Guardado en:
| Autor Principal: | |
|---|---|
| Otros Autores: | |
| Formato: | Libro |
| Idioma: | Spanish |
| Publicado: |
Buenos Aires :
Hammurabi,
2021.
|
| Edición: | 1a. ed. |
| Materias: | |
| Etiquetas: |
Agregar Etiqueta
Sin Etiquetas, Sea el primero en etiquetar este registro!
|
| LEADER | 01250nam a22002175a 4500 | ||
|---|---|---|---|
| 001 | DER.der014756 | ||
| 008 | 220812s2021####ag############000#0#spa#d | ||
| 005 | 20241031121356.0 | ||
| 245 | 1 | 0 | |a Procesos concursales / |c Edgardo N. Turner, Hernán Schumacher. |
| 250 | |a 1a. ed. | ||
| 260 | |a Buenos Aires : |b Hammurabi, |c 2021. | ||
| 300 | |a 390 p. | ||
| 505 | 0 | |a Concurso preventivo: Efectos. Verificación de créditos. Informes del Síndico. Sentencia verificatoria. Clasificación de acreedores. Periodo de exclusividad. Acuerdo preventivo. Impugnación y homologación. Nulidad e incumplimiento. | |
| 505 | 0 | |a Quiebra: Presupuestos. Trámite. Sentencia. Recursos. Conversión en concurso preventivo. Efectos. proceso de verificación. Desapoderamiento. Inhabilitación y rehabilitación. Liquidación y distribución. Suspensión del proceso de quiebra. Conclusión. Privilegios. Gastos y honorarios. tasa de justicia. Monto imponible y oportunidad de pago. Normas procesales. La expropiación frente al concurso y la quiebra. | |
| 020 | |a 9789878051185 | ||
| 100 | 1 | |a Turner, Edgardo N. | |
| 700 | 1 | |a Schumacher, Hernán. | |
| 082 | 0 | 4 | |a 346.078 |2 21 |
| 650 | 7 | |a QUIEBRA |2 UNBIS | |
| 650 | 7 | |a concursos |2 SAIJ | |
| 859 | |a DERECHO |b BIB. DERECHO |h 346.078 |i TUR |p 0010113 | ||
